000 00900cam a2200277 i 4500
001 000006288
003 DO-SdBNP
005 20241022102058.0
007 ta
008 991108s1999 sp 001|0dspa
020 _a8403595433
040 _aDO-SdBNP
_bspa
_cBNPHU
_erda
082 _a972.85053
_bR173a
_222
100 1 _aRamírez, Sergio,
_d1942-
_eautor
_917566
245 1 0 _aAdiós muchachos :
_buna memoria de la revolución sandinista /
_cSergio Ramírez.
264 _aMadrid :
_bAguilar,
_c1999.
300 _a291 páginas ;
_c24 cm.
336 _ardacontent
_btexto
_2txt
337 _ardamedia
_bsin mediación
_2n
338 _ardacarrier
_bvolumen
_2nc
500 _aIncluye datos biográficos del autor en la solapa de la portada
590 _aInventariado, 2020/ YL
650 4 _aNicaragua
_xHistoria, Revolución popular sandinista, 1979
_986746
910 _aYL
942 _2ddc
_cLBS1
999 _c6083
_d6083